000 01151cam a2200337 a 4500
001 2253
005 20231114120215.0
020 _a0679819495
020 _a067991949X
040 _aDLC
_cDLC
_dDLC
_beng
050 0 0 _aPZ7.S1185
_bMan 1994
082 0 0 _a813.54
_220
100 1 _aSachar, Louis
_d1954-
245 1 0 _aMarvin Redpost :
_balone in his teacher's house /
_cby Louis Sachar ; illustrated by Barbara Sullivan
250 _aA first Stepping Stone book
260 _aNew York :
_bRandom House,
_c1994
300 _a83 pages :
_billustrations
_c19 cm
490 _v4
_aMarvin Redpost
500 _a"A First stepping stone book."
505 _aK
520 _aMarvin is pleased when his teacher asks him to take care of her dog while she's away, but he soon finds that there's more pressure involved than he likes.
521 0 _a560
_bLexile
521 1 _aK
_bRaz-Plus
650 1 _aDogs
_xFiction.
650 1 _aPets
_xFiction.
650 1 _aTeachers
_xFiction.
650 1 _aResponsibility
_xFiction.
700 1 _aSullivan, Barbara
_d1957-
_eillustrator
906 _a7
_bcbc
_corignew
_d1
_eocip
_f19
_gy-gencatlg
942 _2ddc
_cBK
_n0
999 _c2253
_d2253